| 000 | 01068nam a22002897a 4500 | ||
|---|---|---|---|
| 001 | BR8901037 | ||
| 003 | BR-BrBNA | ||
| 005 | 20230928093149.0 | ||
| 007 | ta | ||
| 008 | 230509b bl.||||| |||| 00| 0 por d | ||
| 040 |
_aBR-BrBNA _bpor _cBiblioteca Nacional de Agricultura |
||
| 041 | _a(Por) | ||
| 072 |
_aL01 _b5212 |
||
| 090 | _ 5212 BR8901037 | ||
| 100 | 1 | _aLanna, D.P.D. | |
| 110 | 1 |
_aEscola Superior de Agricultura Luiz de Queiroz, Piracicaba, SP (Brasil) _0Tese (Mestre em Agronomia) |
|
| 245 | 1 | _aEstimativa da composicao quimica do corpo vazio de tourinhos nelore atraves da gravidade especifica da carcaca e da composicao de corte das costelas | |
| 246 | 1 | _aEstimation of body composition in zebu (nellore)intact males by specific gravity and rib cut composition | |
| 260 | 3 |
_aPiracicaba, SP (Brasil): _c1988. |
|
| 300 | _a131 p. | ||
| 500 | _aSummaries (Eng, Por); Bibliography p. 110-119 (77 ref.); 14 graphs; 35 tables | ||
| 650 | _aBOVINO | ||
| 650 | _aCARCACA | ||
| 650 | _aABATE | ||
| 909 |
_a202309 _bLucia _c55 _dLucia Elande |
||
| 942 | _cBK | ||
| 999 |
_c43360 _d43360 |
||